[Event "EU-Cup 23rd"]
[Site "Kemer"]
[Date "2007.10.03"]
[Round "1.1"]
[White "Carlsen, Magnus"]
[Black "Pruijssers, Roeland"]
[Result "1-0"]
[WhiteElo "2714"]
[BlackElo "2408"]
[PlyCount "79"]
[EventDate "2007.10.03"]
[EventType "team-swiss"]
[EventRounds "7"]
[EventCountry "TUR"]
[SourceTitle "CBM 121"]
[Source "ChessBase"]
[SourceDate "2007.11.14"]
[SourceVersion "1"]
[SourceVersionDate "2007.11.14"]
[SourceQuality "1"]
[WhiteTeam "Baden-Baden"]
[BlackTeam "Hagendoorn Homburg"]
[WhiteTeamCountry "GER"]
[BlackTeamCountry "NED"]

1. e4 e5 2. Nf3 Nc6 3. Bb5 a6 4. Ba4 Nf6 5. O-O Be7 6. Re1 b5 7. Bb3 d6 8. c3 O-O 9. h3 Nb8 10. d4 Nbd7 11. Nbd2 Bb7 12. Bc2 Re8 13. Nf1 Bf8 14. Ng3 g6 15. b3 c6 16. Bg5 Bg7 17. Qd2 Qe7 18. a4 Qf8 19. Rad1 h6 20. Be3 Rad8 21. Qc1 Kh7 22. b4 $146 ({RR} 22. Qb1 Qe7 23. Bc1 Nf8 24. Ba3 Qc7 25. Re2 c5 26. d5 Bc8 27. b4 N8d7 28. a5 Bb7 29. Bc1 Rc8 30. Bd3 Rb8 31. Bd2 Rec8 32. Qa2 c4 33. Bb1 Rf8 34. Nh2 Rbe8 35. Bc2 Qd8 36. Qb1 Ng8 {Jones,R (2393)-Stefansson,H (2515) Istanbul 2012 ½-½ (75)}) ({RR} 22. Qb1 Qe7 23. Kh2 Nf8 24. dxe5 dxe5 25. b4 Qc7 26. Bb3 bxa4 27. Bxa4 Ne6 28. Bb3 Ra8 29. Nd2 Bf8 30. Bxe6 Rxe6 31. Nb3 h5 32. f3 Ree8 33. Qa2 Bc8 34. Qa5 Qb7 35. Qb6 Qxb6 36. Bxb6 Be6 {Xu,Y (2500)-Paehtz,E (2449) Dagomys 2008 ½-½ (40)}) 22... Re6 23. Qb1 d5 24. dxe5 Nxe4 25. Bxe4 dxe4 26. Nxe4 Nxe5 27. Nfg5+ hxg5 28. Nxg5+ Kg8 29. Nxe6 Rxd1 30. Qxd1 fxe6 31. Bd4 Qd6 32. f4 Nc4 33. Bxg7 Kxg7 34. Qxd6 Nxd6 35. Rd1 Nc4 36. Rd7+ Kf6 37. axb5 Bc8 38. Rc7 Nd6 39. bxa6 Bxa6 40. Rxc6 1-0

[Event "EU-Cup 23rd"]
[Site "Kemer"]
[Date "2007.10.04"]
[Round "2.1"]
[White "Haba, Petr"]
[Black "Carlsen, Magnus"]
[Result "1/2-1/2"]
[WhiteElo "2525"]
[BlackElo "2714"]
[PlyCount "70"]
[EventDate "2007.10.03"]
[EventType "team-swiss"]
[EventRounds "7"]
[EventCountry "TUR"]
[SourceTitle "CBM 121"]
[Source "ChessBase"]
[SourceDate "2007.11.14"]
[SourceVersion "1"]
[SourceVersionDate "2007.11.14"]
[SourceQuality "1"]
[WhiteTeam "Novy Bor"]
[BlackTeam "Baden-Baden"]
[WhiteTeamCountry "CZE"]
[BlackTeamCountry "GER"]

1. e4 Nf6 2. e5 Nd5 3. d4 d6 4. Nf3 dxe5 5. Nxe5 c6 6. Bc4 Nd7 7. Nxd7 Bxd7 ({RR} 7... Qxd7 8. O-O Qg4 9. Qxg4 Bxg4 10. Nc3 e6 11. Nxd5 exd5 12. Re1+ Kd7 13. Bd3 Bd6 14. h3 Rae8 15. Rxe8 Rxe8 16. hxg4 Re1+ 17. Bf1 Bf4 18. Bxf4 Rxa1 19. a3 Ra2 20. Bc1 Ra1 21. Bd2 Rd1 22. Bc3 {Pichot,A (2648)-Bortnyk,O (2608) chess.com INT 2023 0-1 (73)}) 8. Qf3 ({RR} 8. O-O e6 9. Nd2 Be7 10. Nf3 O-O 11. Ne5 Bf6 12. c3 Rc8 13. Re1 Re8 14. Qg4 Re7 15. Bd2 Be8 16. Rad1 c5 17. dxc5 Rxc5 18. Be3 Nxe3 19. Rxe3 Qc7 {0-1 (19) Belov,A (2421)-Smirnov,M (2359) chess.com INT 2025}) 8... e6 9. O-O Qf6 10. Qxf6 $146 ({RR} 10. Qe4 Bd6 11. Nd2 Qg6 12. c3 O-O-O 13. Qxg6 hxg6 14. h3 f6 15. Ne4 Bc7 16. Nc5 g5 17. Re1 Rhe8 18. Bd2 Bd6 19. Nxd7 Kxd7 20. g3 a6 21. Bf1 c5 22. dxc5 Bxc5 23. Rad1 Kc7 24. c4 Nb4 {Ochoa de Echaguen,F (2410)-Rivas Pastor,M (2520) Barcelona 1992 0-1 (49)}) 10... Nxf6 11. Nd2 c5 12. dxc5 Bxc5 13. Nf3 Rc8 14. Be2 Ke7 15. Ne5 Be8 16. c3 Nd7 17. Nd3 Bd6 18. Be3 Nc5 19. Nxc5 Bxc5 20. Bxc5+ Rxc5 21. Rfd1 Bc6 22. Rd2 Rd8 23. Rad1 Rxd2 24. Rxd2 Bd5 25. c4 Bc6 26. b4 Re5 27. g3 Re4 28. Kf1 e5 29. Rc2 Bd7 30. Rc3 Be6 31. Re3 Rxe3 32. fxe3 a5 33. a3 axb4 34. axb4 b6 35. Kf2 Kd6 1/2-1/2

[Event "EU-Cup 23rd"]
[Site "Kemer"]
[Date "2007.10.08"]
[Round "6.3"]
[White "Sutovsky, Emil"]
[Black "Carlsen, Magnus"]
[Result "1-0"]
[WhiteElo "2656"]
[BlackElo "2714"]
[Annotator "Avrukh,Boris"]
[PlyCount "115"]
[EventDate "2007.10.03"]
[EventType "team-swiss"]
[EventRounds "7"]
[EventCountry "TUR"]
[SourceTitle "CBM 121"]
[Source "ChessBase"]
[SourceDate "2007.11.14"]
[SourceVersion "1"]
[SourceVersionDate "2007.11.14"]
[SourceQuality "1"]
[WhiteTeam "Ashdod"]
[BlackTeam "Baden-Baden"]
[WhiteTeamCountry "ISR"]
[BlackTeamCountry "GER"]

1. e4 c5 2. Nf3 Nc6 3. Nc3 e6 4. d4 cxd4 5. Nxd4 Nf6 6. Nxc6 bxc6 7. e5 Nd5 8. Ne4 Bb7 9. Be2 c5 10. O-O Qc7 11. c4 $5 {Relatively speaking, a rare continuation.} ({Much more popular is} 11. Nd6+) 11... Ne3 $1 {Definitely the best reaction.} ({Very dangerous for Black} 11... Qxe5 12. cxd5 Qxe4 13. Bf3 $44) 12. Nd6+ {This is the idea behind White's 11th move.} ({Black has nothing to worry about after} 12. Bxe3 Bxe4 $11) 12... Bxd6 13. exd6 Qc6 14. Bf3 Nxd1 15. Bxc6 Bxc6 16. Rxd1 {After a series of forced moves a very interesting endgame has arisen. I don't believe Black has a serious problems to hold this endgame. On the other hand White can play without any risk and it's Black who requires to show an accurate defence.} Rb8 $146 {A new try, which seems to me sufficient for the draw as well.} ({I believe the natural} 16... O-O 17. Be3 Rfc8 {is Black's best defence in this position} 18. Rd3 (18. Rac1 Rab8 19. Rd2 Be4 20. f3 Bg6 21. Rc3 Rb6 {and Black held quite easily in Shirov-Kramnik 2000}) 18... a5 (18... Bb7 $5) 19. Rb3 a4 20. Rb6 Ra5 21. Re1 f6 22. f3 Kf7 23. Kf2 e5 $11 {½-½ Murdzia,P-Lindinger,M/Hamburg 2003/CBM 096 ext (32)}) ({RR} 16... O-O 17. Be3 Rfc8 18. f3 a5 19. Rac1 a4 20. Kf2 Ra5 21. Bd2 Ra6 22. Be3 Ra5 23. Rd3 f6 24. Ra3 Kf7 25. b3 Rca8 26. Bd2 R5a6 27. Be3 axb3 28. Rxa6 Rxa6 29. axb3 Ra2+ 30. Kg1 Ra5 31. Rb1 {Shirov,A (2647)-Grachev,B (2612) Chess.com INT 2020 0-1 (58)}) ({RR} 16... O-O 17. b3 Rfc8 18. Re1 f6 19. f3 Kf7 20. Kf2 a5 21. Be3 Bb7 22. Rab1 Ra6 23. Red1 e5 24. Rd2 Ke6 25. Rbd1 g5 26. h4 h6 27. g3 Rcc6 28. f4 g4 29. h5 Rc8 30. Rd5 Bxd5 31. Rxd5 {Darvekar,Y (1934)-Kiryakov,M (1895) Montreal CAN 2025 0-1 (46)}) ({RR} 16... O-O 17. Be3 Rfc8 18. Rd3 Be4 19. Rb3 Rab8 20. f3 Bc2 21. Ra3 Rb6 22. Rxa7 Rxd6 23. Bxc5 Rdc6 24. Be3 Rxc4 25. Rxd7 Ba4 26. Rd4 Rxd4 27. Bxd4 f6 28. b3 Bc6 29. Rc1 e5 30. Bb6 Kf7 31. a4 {Sutovsky,E (2624)-Lagowski,P (2393) Gibraltar 2006 1-0 (48)}) ({RR} 16... O-O 17. Be3 Rfc8 18. Rd3 Be4 19. Rb3 e5 20. Rb5 Rab8 21. b3 Rxb5 22. cxb5 Bd3 23. a4 Bc2 24. Ra3 f5 25. f4 exf4 26. Bxf4 Kf7 27. Kf2 Ke6 28. h4 Kd5 29. Ke3 c4 30. bxc4+ Rxc4 31. a5 {Maze,S (2579)-Lintchevski,D (2481) Budva 2009 ½-½ (32)}) 17. Rd3 a5 (17... O-O 18. Ra3 Rb7 19. Ra5 $16) 18. Rg3 Kf8 $4 {An incredible blunder for a player of Magnus' level. Black simply loses the game in 1 move.} ({Black should have played} 18... g6 {and I haven't manage to find a way for White to pose Black serious problems, despite the weakening of the dark squares,} 19. b3 (19. Bh6 Rg8 20. Bd2 a4 21. Bc3 f5 $11) (19. Rb3 O-O) (19. Bg5 f5 20. Bf6 O-O 21. Bc3 a4 $11) 19... O-O 20. Ba3 Rfc8 21. Re1 a4 22. Bxc5 axb3 23. axb3 Bxg2 24. b4 Bb7 25. Ra3 Ra8 26. Rea1 e5 {and Black holds.}) 19. Rb3 $1 $18 {Strangely enough White is winning after this move , since Black loses one of his pawns on the queenside.} Rxb3 (19... Rc8 20. Be3 a4 21. Rb6 f6 22. Bxc5 Kf7 23. Be3 $18) 20. axb3 f6 21. Rxa5 Kf7 22. Be3 (22. Rxc5 $4 Ra8 $19) 22... Rb8 ({The rook exchange doesn't help Black} 22... Ra8 23. Rxa8 Bxa8 24. f3 e5 25. Bxc5 Ke6 26. Kf2 g5 27. b4 f5 28. b5 f4 29. b6 e4 30. b4 h5 31. b5 $18 {with an easy win.}) 23. Ra3 Be4 (23... e5 24. Bxc5 Ke6 25. b4 $18) 24. Bxc5 Bd3 25. Ba7 ({Things are not so easy after the natural} 25. f3 e5 26. Kf2 Ke6 27. Ke3 Bf1 28. g3 (28. g4 f5 29. Ba7 Rb7 30. gxf5+ Kxf5 31. Kf2 Bd3 $16) 28... g5 29. Kd2 (29. Ba7 Rb7) 29... h5 30. Ba7 (30. Kc3 Be2 31. b4 Bxf3) 30... Rb7 31. Ke1 Bd3 {and it's not so clear how White is going to improve his position.}) 25... Rb4 ({White wins nicely after} 25... Rb7 26. c5 Rb5 (26... Be4 27. Bb6 $18) 27. f3 e5 28. b4 Bf5 29. Ra4 $1 (29. c6 dxc6 30. Bc5 Bd7 31. Ra8 {might be not enough}) 29... Ke6 30. Bb6 Bc2 31. Ra7 Rxb4 32. c6 Rxb6 33. c7 Rc6 34. Ra8 $18) 26. Bc5 Rb8 27. Ra7 {Finally Emil finds a very nice tactical solution.} Ke8 28. Ba3 e5 ({Another important line runs} 28... Rxb3 29. Ra8+ Kf7 30. Rd8 Rb7 31. Rc8 $1 {[%cal Gc8c7]} (31. c5 Be4) 31... Be4 (31... e5 32. Rc7 (32. f3 Bf5 33. Rc7 Rb8 34. c5 $16) 32... Be4 33. f3 Rxc7 34. dxc7 Bb7 35. Bd6 Ke6 36. c5 $18) 32. f3 (32. Rc7) 32... Bc6 33. b4 Ra7 34. b5 Bxb5 35. cxb5 Rxa3 36. Rc7 e5 37. Rxd7+ Ke6 38. Rxg7 Kxd6 39. Rxh7 Rb3 40. Rb7 $18) 29. f3 Rxb3 30. c5 $1 $18 Bb5 (30... Rb8 31. c6 dxc6 32. Rxg7 $18) 31. Rb7 Bc4 32. c6 $1 dxc6 33. d7+ Kd8 34. Bb4 $1 {The deciisve blow.} Rxb4 35. Rxb4 Bb5 36. f4 $6 {A small inaccuracy ,which slightly complicates the matters.} ({White could have won on the spot after} 36. Rb3 $142 Kxd7 37. Ra3 Ke7 38. Ra7+ Kf8 39. Rc7 $18) 36... Kxd7 37. fxe5 fxe5 38. Rb3 $1 {Transferring the rook to c3 , where it will prevent Black from moving the  from b5.} Ke6 39. Rc3 h5 40. Kf2 h4 41. Kf3 Kf5 42. Ke3 g6 43. Rc5 g5 44. b3 {Now Black's position is hopeless.} Bf1 45. Rc2 Bb5 46. Rc1 (46. Rf2+ Ke6 47. Rf8 $18) 46... g4 47. g3 (47. Ra1 $18) 47... hxg3 48. hxg3 Ke6 49. Ke4 {The rest is quite easy.} Kd6 50. Rd1+ Kc5 51. Re1 Kb4 52. Re3 Bf1 53. Kxe5 Bg2 54. Rd3 Bf3 55. Kd6 Kb5 56. Rd4 Be2 57. Re4 Bf3 58. Rc4 1-0

[Event "EU-Cup 23rd"]
[Site "Kemer"]
[Date "2007.10.09"]
[Round "7.3"]
[White "Carlsen, Magnus"]
[Black "Fressinet, Laurent"]
[Result "1-0"]
[WhiteElo "2714"]
[BlackElo "2654"]
[PlyCount "63"]
[EventDate "2007.10.03"]
[EventType "team-swiss"]
[EventRounds "7"]
[EventCountry "TUR"]
[SourceTitle "CBM 121"]
[Source "ChessBase"]
[SourceDate "2007.11.14"]
[SourceVersion "1"]
[SourceVersionDate "2007.11.14"]
[SourceQuality "1"]
[WhiteTeam "Baden-Baden"]
[BlackTeam "Clichy Echecs 92"]
[WhiteTeamCountry "GER"]
[BlackTeamCountry "FRA"]

1. e4 e5 2. Nf3 Nc6 3. Bb5 a6 4. Ba4 Nf6 5. d3 b5 6. Bb3 Be7 7. O-O O-O 8. a4 Rb8 9. Nbd2 ({RR} 9. h3 d6 10. Be3 h6 11. axb5 a5 12. Nc3 Nb4 13. Rxa5 c6 14. Ra4 c5 15. Bc4 Nd7 16. Ra1 Nb6 17. Na4 Nxc4 18. dxc4 f5 19. c3 fxe4 20. Ne1 Nd3 21. Nxd3 exd3 22. Qxd3 Qe8 23. b4 Bf5 {Nepomniachtchi,I (2771)-Carlsen,M (2839) chess.com INT 2023 1-0 (37)}) ({RR} 9. axb5 axb5 10. Nc3 d6 11. Nd5 Nxd5 12. exd5 Nd4 13. Nxd4 exd4 14. Bd2 Bd7 15. Re1 Bf6 16. Ra7 Ra8 17. Qa1 Qb8 18. Rxa8 Qxa8 19. Qa5 Qxa5 20. Bxa5 {½-½ (20) Fressinet,L (2654)-Grischuk,A (2715) Kemer 2007}) 9... d6 10. c3 Nd7 $146 ({RR} 10... Be6 11. Bc2 d5 12. Qe2 dxe4 13. dxe4 Nd7 14. axb5 axb5 15. Ra6 Nb6 16. Qxb5 Bd6 17. Qxc6 Bd7 18. Rxb6 Bxc6 19. Rxc6 Ra8 20. Bb3 Kh8 21. Bd5 f5 22. exf5 Rxf5 23. Ne4 Ra1 24. Nxd6 cxd6 25. Be3 {Rigo,Z (2389)-Berezjuk,S (2379) Slovakia 2011 1-0 (42)}) ({RR} 10... h6 11. Re1 Na5 12. Bc2 c5 13. axb5 axb5 14. d4 exd4 15. cxd4 Nc6 16. h3 Re8 17. Nf1 cxd4 18. Nxd4 Nxd4 19. Qxd4 Qc7 20. Bb3 Be6 21. Bxe6 fxe6 22. Ra6 Bf8 23. b3 Nd7 24. Ra7 Rb7 25. Rxb7 {Ostensen,N (2260)-Vestby-Ellingsen,M (2398) Fagernes NOR 2025 ½-½}) 11. axb5 axb5 12. Re1 Bf6 13. Nf1 Nc5 14. Ba2 Bg4 15. b4 Ne6 16. Ne3 Bxf3 17. Qxf3 Bg5 18. Bd5 Qd7 19. Nf5 Ne7 20. Nxg7 Nxd5 21. Nxe6 fxe6 22. Qg4 Nxc3 23. Bxg5 Kh8 24. Ra7 Qf7 25. Qh4 Rbc8 26. Be7 Qf4 27. Qxf4 Rxf4 28. Kf1 Na4 29. Rc1 Nb2 30. Ra3 Rg8 31. Rxc7 Nd1 32. Bxd6 1-0

[Event "Bundesliga 0708"]
[Site "Germany"]
[Date "2008.02.10"]
[Round "9.3"]
[White "Bartel, Mateusz"]
[Black "Carlsen, Magnus"]
[Result "0-1"]
[WhiteElo "2608"]
[BlackElo "2714"]
[PlyCount "86"]
[EventDate "2007.10.20"]
[EventType "team-tourn"]
[EventRounds "15"]
[EventCountry "GER"]
[SourceTitle "CBM 123"]
[Source "ChessBase"]
[SourceDate "2008.04.02"]
[SourceVersion "1"]
[SourceVersionDate "2008.04.02"]
[SourceQuality "1"]
[WhiteTeam "Wattenscheid"]
[BlackTeam "Baden-Baden"]
[WhiteTeamCountry "GER"]
[BlackTeamCountry "GER"]

1. e4 c5 2. Nf3 Nc6 3. Nc3 e5 4. Bc4 Be7 5. Nd5 d6 6. d3 Nf6 7. Nxe7 Qxe7 8. c3 O-O 9. Bg5 h6 10. Bh4 a6 11. O-O Be6 12. Bxe6 $146 ({RR} 12. Bb3 b5 13. Re1 Na5 14. Bc2 Bg4 15. h3 Bh5 16. g4 Bg6 17. d4 Nc6 18. a4 b4 19. dxc5 dxc5 20. cxb4 cxb4 21. Bb3 Rad8 22. Bd5 Nb8 23. Qb3 a5 24. Rac1 Rd6 25. Rc5 Qa7 26. Qc4 Nxd5 {Kluka,V (1737)-Zambor,N (2298) Kosice 2014 0-1 (45)}) 12... Qxe6 13. Re1 Rac8 14. Nd2 Nd7 15. Nc4 b5 16. Ne3 Nb6 17. Nf5 Kh7 18. Qh5 f6 19. Re3 Ne7 20. Nxe7 Qxe7 21. Bg3 Qf7 22. Qf5+ Qg6 23. Qxg6+ Kxg6 24. f4 Rfe8 25. Rd1 Kh7 26. Re2 a5 27. d4 exd4 28. cxd4 c4 29. f5 c3 30. bxc3 Na4 31. Rde1 Nxc3 32. Rc2 d5 33. exd5 Nxd5 34. Rc5 Rxc5 35. dxc5 Rc8 36. Bf2 b4 37. Bd4 Nc3 38. Re7 Kg8 39. Kf2 Nxa2 40. Ke3 Nc1 41. Re6 Nb3 42. Ra6 Re8+ 43. Re6 Kf7 0-1

[Event "EU-chT (Men) 16th"]
[Site "Heraklion"]
[Date "2007.10.28"]
[Round "1.1"]
[White "Shirov, Alexei"]
[Black "Carlsen, Magnus"]
[Result "1/2-1/2"]
[WhiteElo "2739"]
[BlackElo "2714"]
[PlyCount "103"]
[EventDate "2007.10.28"]
[EventType "team-swiss"]
[EventRounds "9"]
[EventCountry "GRE"]
[SourceTitle "CBM 121"]
[Source "ChessBase"]
[SourceDate "2007.11.14"]
[SourceVersion "1"]
[SourceVersionDate "2007.11.14"]
[SourceQuality "1"]
[WhiteTeam "Spain"]
[BlackTeam "Norway"]
[WhiteTeamCountry "ESP"]
[BlackTeamCountry "NOR"]

1. e4 c5 2. Nf3 Nc6 3. Bb5 e6 4. c3 Nge7 5. d4 cxd4 6. cxd4 d5 7. Nc3 dxe4 8. Nxe4 Nf5 ({RR} 8... Nd5 9. O-O Bd7 10. Bg5 f6 11. Bd2 Be7 12. Re1 O-O 13. Nc3 Ncb4 14. Bc4 Rc8 15. Qb3 Kh8 16. Nxd5 Nxd5 17. Bxd5 exd5 18. Rxe7 Qxe7 19. Bb4 Qe4 20. Re1 Qf4 21. Bxf8 Rxf8 22. Qxb7 Bg4 23. Qxd5 {Carlsen,M (2859)-Caruana,F (2766) chess.com INT 2022 1-0 (43)}) ({RR} 8... Nd5 9. O-O Bd7 10. Bg5 f6 11. Bd2 Be7 12. Re1 O-O 13. Nc3 Ncb4 14. Bc4 Rc8 15. Qb3 Kh8 16. Nxd5 Nxd5 17. Bxd5 exd5 18. Rxe7 Qxe7 19. Bb4 Qe4 20. Re1 Qf4 21. Bxf8 Rxf8 22. Qxb7 Bg4 23. Qxd5) ({RR} 8... a6 9. Bf4 Ng6 10. Bxc6+ bxc6 11. Bd2 f5 12. Nc3 c5 13. O-O cxd4 14. Bg5 Be7 15. Bxe7 Qxe7 16. Qxd4 O-O 17. Ne5 Qf6 18. Rfe1 Bb7 19. f3 Rad8 20. Qe3 Nxe5 21. Qxe5 Qxe5 22. Rxe5 Rd2 23. Rxe6 {Smirin,I (2654)-Shirov,A (2715) Odessa 2007 0-1 (68)}) 9. O-O Be7 10. Bxc6+ ({RR} 10. Bg5 Bxg5 11. Nexg5 O-O 12. Bxc6 bxc6 13. Qa4 Bb7 14. Rac1 Qb6 15. Ne4 Rad8 16. Nc5 Rd5 17. Rfd1 Nxd4 18. Nxd4 Rxc5 19. Rxc5 Qxc5 20. Nb3 Qb6 21. Qd4 h6 22. Nc5 Bc8 23. h3 Re8 24. b3 e5 {Harikrishna,P (2697)-Kobo,O (2480) Rhodes GRE 2025 ½-½ (64)}) 10... bxc6 11. Be3 $146 ({RR} 11. Qc2 O-O 12. Rd1 Qc7 ({RR} 12... Qc7 13. Bg5 f6 14. Bd2 Rd8 15. Qc4 Nd6 16. Nxd6 Qxd6 17. Rac1 Bd7 18. Re1 Rdc8 19. Be3 Qd5 20. Nd2) 13. Bg5 f6 14. Bd2 Rd8 15. Qc4 Nd6 16. Nxd6 Qxd6 17. Rac1 Bd7 18. Re1 Rdc8 19. Be3 Qd5 20. Nd2 {½-½ (20) Short,N (2670)-Krasenkow,M (2655) Elista 1998}) ({RR} 11. Qc2 O-O 12. Rd1 Qd5 13. Bf4 Bd7 14. Nc5 Rfc8 15. Qc3 Be8 16. Na6 Qd8 17. Rac1 Qb6 18. Nc5 Rd8 19. b3 Rd5 20. Na4 Qb7 21. Nc5 Qb6 22. Na4 Qb7 23. Nc5 Qb6) ({RR} 11. Qc2 O-O 12. Rd1 Qd5 13. Nc3 Qd6 {½-½ (13) Magem Badals,J (2557)-Komarov,D (2588) France 1999}) 11... O-O 12. Rc1 f6 13. Re1 Rb8 14. b3 Qd5 15. Bf4 Rb4 16. a3 Rb7 17. b4 Rd8 18. Nc5 Bxc5 19. Rxc5 Qd7 20. Qc2 Ne7 21. Be3 Rb5 22. Nd2 Rxc5 23. Qxc5 Nf5 24. Nb3 Qd5 25. Qxd5 cxd5 26. Rc1 Nd6 27. Rc5 Bd7 28. Bf4 Nc4 29. Rc7 Nxa3 30. Nc5 Bc8 31. Rxa7 Nb5 32. Ra8 Kf7 33. Be3 e5 34. dxe5 fxe5 35. Rb8 Nd6 36. b5 d4 37. Bc1 Re8 38. b6 Bb7 39. Rxe8 Kxe8 40. f4 e4 41. Nxb7 Nxb7 42. Bb2 d3 43. Kf2 g6 44. g4 Kd7 45. f5 gxf5 46. gxf5 Nd6 47. f6 Ke6 48. Bd4 Kf7 49. Ke1 Ke6 50. Kd1 Nb7 51. Kd2 Nd6 52. Kd1 1/2-1/2

[Event "EU-chT (Men) 16th"]
[Site "Heraklion"]
[Date "2007.10.29"]
[Round "2.1"]
[White "Carlsen, Magnus"]
[Black "Jones, Richard S"]
[Result "1-0"]
[WhiteElo "2714"]
[BlackElo "2327"]
[PlyCount "81"]
[EventDate "2007.10.28"]
[EventType "team-swiss"]
[EventRounds "9"]
[EventCountry "GRE"]
[SourceTitle "CBM 121"]
[Source "ChessBase"]
[SourceDate "2007.11.14"]
[SourceVersion "1"]
[SourceVersionDate "2007.11.14"]
[SourceQuality "1"]
[WhiteTeam "Norway"]
[BlackTeam "Wales"]
[WhiteTeamCountry "NOR"]
[BlackTeamCountry "WLS"]

1. e4 {Ftacnik,Lubomir} c5 2. Nf3 d6 3. d4 cxd4 4. Nxd4 Nf6 5. Nc3 a6 6. Be3 e6 7. f3 b5 8. Qd2 b4 9. Na4 Nbd7 10. c4 bxc3 11. Nxc3 Bb7 12. Be2 d5 13. exd5 Nxd5 14. Nxd5 Bxd5 15. Rc1 ({RR} 15. O-O Qb8 16. Nf5 Qe5 17. Ng3 Bb4 18. Qxb4 Qxe3+ 19. Kh1 Rb8 20. Qa4 ({RR} 20. Qd6 Rb6 21. Qc7 Rc6 22. Qb7 Rc2 23. Qxa6 O-O 24. b3 Ne5) 20... Rxb2 21. Bxa6 ({RR} 21. Rac1 Ke7 22. Rfe1 g6 23. Bxa6 Qd2 24. Qh4+ f6 25. Bf1 h5 26. Rcd1 Qf2 27. Rxd5) 21... Qd2 22. Ne2 Rxa2 23. Rxa2 Qxa2 24. Qxa2 Bxa2 25. Ra1 Bd5 26. Bb5 Ke7) 15... Qb8 16. a3 Bd6 ({RR} 16... Be7 17. Nc6) ({RR} 16... Qb7 17. O-O Bd6 18. Bc4) 17. Nf5 O-O ({RR} 17... Be5 18. f4 ({RR} 18. b4 g6 19. Ng3 O-O) 18... g6 19. fxe5 gxf5 20. O-O Nxe5 21. Rc5 ({RR} 21. Rxf5 exf5 22. Qxd5 O-O 23. Bd4 Re8 24. Rc5 Ng4 25. Bxg4 Qf4 26. Bc3 Qc1+ 27. Kf2 Qe3+ 28. Kf1) 21... O-O ({RR} 21... Be4 22. Rd1 Rg8 23. g3) 22. b4 Qd8 23. Qc3) 18. Nxd6 Qxd6 19. O-O Rfd8 $146 ({RR} 19... a5 20. a4 Rfd8 ({RR} 20... Qb4 21. Qxb4 axb4 22. Bb5 Ne5 23. Bd2 b3 24. Rc7) 21. Bb5 h6 ({RR} 21... f6 22. Rc3 Ne5 23. Rfc1) 22. Rc3 Nf8 23. Rfc1 Ng6 24. Qf2 Rdb8 ({RR} 24... Qe5 25. Bb6 Rf8 26. Qd2) 25. Rc7 Qb4 ({RR} 25... Qe5 26. Bd4 Qh5 27. Qg3) 26. Qd2 Rxb5 ({RR} 26... Qxd2 27. Bxd2 Rd8 28. Bc3) 27. axb5 Qxb5 28. Rc8+ Rxc8 29. Rxc8+ Kh7 30. Rc5 Qb7 ({RR} 30... Qb3 31. Rxa5 Ne5 32. Ra3) 31. Rxa5 Ne5 32. Qc2+ Kg8 33. Rc5 Nc6 34. h3 {Morozevich,A (2747)-Grischuk,A (2710) Moscow 2006 CBM 116 [Ftacnik,Lubomir] 1-0 (35)}) 20. Rfd1 Qb8 21. Qd4 Ne5 22. b4 Nc6 23. Qb6 Qxb6 24. Bxb6 Rdc8 25. Rc3 Kf8 26. Rdc1 Ke8 27. b5 Rab8 28. Bd4 axb5 29. Bxg7 b4 30. axb4 Rxb4 31. Ba6 Ra8 32. Bd3 Nd4 33. Bf6 h6 34. Rc7 Rb3 35. Rd1 Nb5 36. Bxb5+ Rxb5 37. Rdc1 h5 38. Re7+ Kf8 39. Rcc7 e5 40. Rxe5 Rb2 41. Rc1 1-0

[Event "EU-chT (Men) 16th"]
[Site "Heraklion"]
[Date "2007.10.31"]
[Round "4.1"]
[White "Carlsen, Magnus"]
[Black "Bacrot, Etienne"]
[Result "1/2-1/2"]
[WhiteElo "2714"]
[BlackElo "2695"]
[PlyCount "60"]
[EventDate "2007.10.28"]
[EventType "team-swiss"]
[EventRounds "9"]
[EventCountry "GRE"]
[SourceTitle "CBM 121"]
[Source "ChessBase"]
[SourceDate "2007.11.14"]
[SourceVersion "1"]
[SourceVersionDate "2007.11.14"]
[SourceQuality "1"]
[WhiteTeam "Norway"]
[BlackTeam "France"]
[WhiteTeamCountry "NOR"]
[BlackTeamCountry "FRA"]

1. e4 e5 2. Nf3 Nc6 3. Bb5 a6 4. Ba4 Nf6 5. O-O Be7 6. Re1 b5 7. Bb3 O-O 8. a4 b4 9. d3 d6 10. Nbd2 Be6 11. Bxe6 fxe6 12. c3 Rb8 13. Nf1 bxc3 14. bxc3 Na5 15. Ra2 c5 16. d4 exd4 17. cxd4 Nb3 18. dxc5 $146 ({RR} 18. Ba3 Nd7 19. dxc5 Ndxc5 20. N1d2 Na5 21. Nd4 Qd7 22. Qg4 Rf6 23. e5 dxe5 24. Bxc5 Rg6 25. Qe4 Bxc5 26. Qxe5 Ba7 27. N2f3 Nc6 28. Nxc6 Qxc6 29. Qe4 Qxe4 30. Rxe4 Rb1+ 31. Ne1 Bd4 32. g3 Bc3 {Yagupov,I (2491)-Domogaev,S (2367) Tula 2008 ½-½ (44)}) 18... Nxc5 19. Ng3 Rb1 20. Qc2 Qb8 21. Rb2 Rxb2 22. Bxb2 Qb4 23. Bd4 Nfd7 24. Ra1 Rxf3 25. Bxc5 Rc3 26. Bxb4 Rxc2 27. Kf1 Kf7 28. f3 Ne5 29. Ne2 Nc4 30. Rc1 Rxc1+ 1/2-1/2